000 00799nam a2200253Ia 4500
003 OSt
005 20221005025711.0
006 a|||||r|||| 00| 0
007 ta
008 221004b |||||||| |||| 00| 0 eng d
020 _a9781440843471 (pbk)
_cUSD 85.00
024 _a37374
037 _b1683, 06/02/2018, Pegasus Marketing India
_cTextual
040 _aCRL
_cCRL
_beng
041 _2eng
_aeng
082 _a2, Q7
100 _aMartin Victoria Au.
_9582050
245 0 _aTransdisciplilnarity revealed
_b what librarian need to know
260 _aCalifornia
_bLibraries Unlimited USA
_c2017
300 _axxv,211p.
_ccm.
650 _aLIBRARY SCIENCE
942 _h2, Q7
_cTEXL
_2cc
999 _c935141
_d935141